| 000 | 00693nam a2200229 i 4500 | ||
|---|---|---|---|
| 001 | 141006 | ||
| 003 | ES-MaACL | ||
| 005 | 20230906200212.0 | ||
| 007 | t| | ||
| 008 | 070919s1968 fr ||||1| fre d | ||
| 080 | _a808 | ||
| 100 | 1 |
_aFontanier, Pierre. _951618 |
|
| 245 | 1 | 4 |
_aLes figures du discours / _cPierre Fontanier ; introduction par Gérard Genette. |
| 260 |
_aParis : _bFlammarion, _c[1968] |
||
| 490 | 1 | _aScience. Science d'homme | |
| 500 | _aBiblioteca Jacinto Martínez Lacalle. | ||
| 650 | 1 | 4 |
_aRetórica. _916882 |
| 700 | 1 |
_aGenette, Gérard. _956307 |
|
| 830 | 0 |
_aScience. Science d'homme _9220376 |
|
| 852 |
_aES-MaACL _jE-12155 _bR.140057 |
||
| 999 |
_c141006 _d141006 |
||